Norma Chilena Oficial NCh 2437 Of1999
Furkejuvvon:
| Searvvušdahkkit: | , |
|---|---|
| Materiálatiipa: | Girji |
| Giella: | espánnjágiella |
| Almmustuhtton: |
Santiago
Instituto Nacional de Normalización
2000
|
| Preanttus: | 2a. ed |
| Fáttát: | |
| Fáddágilkorat: |
Lasit fáddágilkoriid
Eai fáddágilkorat, Lasit vuosttaš fáddágilkora!
|
MARC
| LEADER | 00000nam a2200000 a 4500 | ||
|---|---|---|---|
| 001 | UCK5787 | ||
| 003 | CL-VaPUC | ||
| 008 | 050826e20000000CL |||||||||||||||||spa|d | ||
| 082 | 0 | 4 | |a 621.87 |b INS |2 21 |
| 110 | 2 | |a Instituto Nacional de Normalización |e author |9 494731 | |
| 710 | 2 | |a INN |e author |9 494732 | |
| 245 | 1 | 0 | |a Norma Chilena Oficial NCh 2437 Of1999 |
| 246 | 1 | 0 | |a Grúas torre - Condiciones de operación |
| 250 | |a 2a. ed | ||
| 300 | |a 9 p | ||
| 942 | |c BK | ||
| 945 | |d 20050826 00:00:00 |a cmena | ||
| 260 | |a Santiago |b Instituto Nacional de Normalización |c 2000 | ||
| 650 | 7 | |a GRUAS |2 CL-VaPUC |9 267275 | |
| 650 | 0 | |a Medidas de seguridad |9 264085 | |
| 650 | 0 | |a Prevención de riesgos |9 387495 | |
| 650 | 0 | |a Normalización |9 262666 | |
| 583 | |a last modification |c 20050826 00:00:00 |k Rodrigo Vera | ||
| 999 | |c 314250 |d 314248 | ||